000 00968nam a22003017a 4500
001 4996
003 FISKH
005 20241218122537.0
008 241031b cb ||||| |||| 00| 0 eng d
020 _a9780689808340
040 _aFISKH
_beng
_cFISKH
_dFISKH
050 _aPZ7.H83727
082 _2813.54
100 _aHowe, James
_d(1946–)
245 _aPinky and Rex and the bully /
_cby James Howe illustrated by Melissa Sweet
250 _a1996
260 _aNew York :
_bAladdin,
_c1996.
300 _a40 pages :
_bcolor illustrations ;
_c23 cm
505 _aN
520 _aPinky learns the importance of identity as he defends his favorite color, pink, and his friendship with a girl, Rex, from the neighborhood bully.
521 8 _a570L
_bLexile
521 8 _aN
_bRaz-Plus
650 _2Fiction
_aBullying
_vFriendship
650 _2Early chapter
_aFeelings
700 _aSweet, Melissa
_dIllustrator
942 _2ddc
_cBK
_n0
999 _c4996
_d4996